عرض عادي
عرض مارك
- Stinson, Douglas R.
مدخل إسم شخص
001 - رقم الضبط
- حقل الضبط: 40136
003 - معرف رقم الضبط
- حقل الضبط: OSt
005 - تاريخ ووقت أخر عملية
- حقل الضبط: 20131116185018.0
008 - عناصر بيانات ثابتة الطول
- حقل تحكم ثابت الطول: 131116|||a|||||| | ||| d
040 ## - مصدر الفهرسة
- هيئة الفهرسة الأصلية: OSt
- وكالة الكتابة: OSt
100 ## - مدخل -- أسم شخص
- إسم شخص: Stinson, Douglas R.
- الشكل الكامل للاسم: (Douglas Robert),
- تواريخ مرتبطة بالاسم: 1956-
670 ## - بيانات المصدر موجوده
- الاستشهاد بالمصدر: Work cat.: (OSt)0: Stinson, Douglas R. (Douglas Robert), 1956-, Cryptography :, 2006.
